000
00270nam a2200121 a 4500
008
110107s1972|||| d
100
1
_a
Lenin, V.I.
245
1
0
_a
O náboženstve
260
_b
Pravda
_a
Bratislava
_c
1972
020
_c
5
041
_a
slo
044
_a
xo
_c
SK
999
_c
15569
_d
15569